شراب نوشی اور منشیات کی لت / (Record no. 170115)

MARC details
000 -LEADER
fixed length control field 00658nam a22002057a 4500
005 - DATE AND TIME OF LATEST TRANSACTION
control field 20191211112440.0
010 ## - LCCN (DPL NO)
LC control number A-603711 A-374908
020 ## - INTERNATIONAL STANDARD BOOK NUMBER
Terms of availability 8.00
035 ## - SYSTEM CONTROL NUMBER
System control number A-603711
035 ## - SYSTEM CONTROL NUMBER
System control number A-374908
037 ## - SOURCE OF ACQUISITION
Source of stock number/acquisition BPPD/Pub.
082 ## - DEWEY DECIMAL CLASSIFICATION NUMBER
Classification number 362.29
100 ## - MAIN ENTRY--PERSONAL NAME
Personal name حسین فاروقی
245 ## - TITLE STATEMENT
Title شراب نوشی اور منشیات کی لت /
Statement of responsibility, etc حسین فاروقی
246 ## - VARYING FORM OF TITLE
Title proper/short title Sharab Noshi aur Munshiyat ki Lat (Urdu) /
Remainder of title by Hussain Farooqi
260 ## - PUBLICATION, DISTRIBUTION, ETC. (IMPRINT)
Place of publication, distribution, etc New Delhi
Name of publisher, distributor, etc Taraqqi Urdu Bureau
Date of publication, distribution, etc 1989
270 ## - ADDRESS
Address West Block 8 R. K. Puram
City New Delhi
Postal code 110066
300 ## - PHYSICAL DESCRIPTION
Extent 99p.
Dimensions 20cm(Hb)
942 ## - ADDED ENTRY ELEMENTS (KOHA)
Source of classification or shelving scheme Dewey Decimal Classification
Item type Urdu Bks
Classification part 362.29
Call number suffix ف ا ر
Holdings
Withdrawn status Lost status Not for loan Collection code Home library Current library Date acquired Source of acquisition Cost, normal purchase price Full call number Barcode Copy number Cost, replacement price Koha item type
      Non-fiction Central Library Central Library 11/12/2019 BPPD/Ven. 8.00 362.29 ف ا ر A-603711 1 8.00 Urdu Bks
      Non-fiction Central Library Central Library 11/12/2019 BPPD/Ven. 8.00 362.29 ف ا ر A-374908 1 8.00 Urdu Bks

© Delhi Public Library
Hit Counter
free hit counter